000 00855cam a22002771 4500
999 _c1874
_d1874
001 8471413
003 GZU
005 20201023085553.0
008 820726s1964 enkaek b 000 0 eng
010 _a 66033187
015 _aGB64-23326
020 _a9780582607729
035 _a(OCoLC)8632974
040 _aDLC
_cKWiU
_dUk
_dDLC
042 _apremarc
050 0 0 _aLB1025
_bFAR
100 1 _aFarrant, J. S.
245 1 0 _aPrinciples and practice of education for use in African training colleges /
_c[by] J.S. Farrant.
260 _a[London]
_bLongmans
_c[1980]
300 _axii, 386 p.
_bill.
_c23 cm.
504 _aIncludes bibliographical references.
650 0 _aTeachers
_xTraining of
_zAfrica.
650 0 _aEducation
_xStudy and teaching.
906 _a7
_bcbc
_coclcrpl
_du
_encip
_f19
_gy-gencatlg
942 _2lcc
_cBK
_eNew ed.
_h1025
_iFAR
_kLB